| 000 | 00627nam a22001577a 4500 | ||
|---|---|---|---|
| 999 |
_c535841 _d535841 |
||
| 020 | _qHard Cover. | ||
| 082 | _a617.6 | ||
| 100 | _aZahid, Shahreen | ||
| 245 |
_aDevelopment of the Methodology to Assess the Effect of Experimental Nano-Hydroxyapatite, on Remineralization of Demineralized Tooth Surface and Determination of its Abrasivity / _cShahreen Zahid. |
||
| 260 |
_aIslamabad : _bAMC - NUST, _c2016. |
||
| 300 |
_axii, 97 p. : ill. ; _c30cm. |
||
| 942 |
_2ddc _cTHE |
||
| 650 |
_aDental Materials M Phil.-Thesis. _930592 |
||
| 700 |
_aDr. Muhammad Kaleem. _930725 |
||